000
00212 a2200097 4500
001
14697
100
_a
Husaini, S.A.Q
245
_a
Arab administration
260
_a
Lahore
_b
Sh M Ashraf
_c
090
_c
11482
_d
11482
942
_a
NUST-CAE
_c
M
_c
1650
999
_c
249770
_d
249770